| 000 | 01151nam a22003017a 4500 | ||
|---|---|---|---|
| 008 | 160704s2006 it||||| |||| 00| 0 eng d | ||
| 082 | 0 | 4 |
_a759.972.86 _bH565w |
| 100 |
_aHerrero, Federico. _93626 |
||
| 245 | 1 | 0 |
_aFederico Herrero : _bWalls/Muri / _cFederico Herrero y Nic Hess ; curadores Marco Ferraris, Stefano Coletto y Marinella Venanzi. |
| 250 | _a1a ed. | ||
| 260 |
_aItalia: _bFondazione Bevilacqua / _c2006. |
||
| 300 |
_a[200] p. _bil. col. |
||
| 500 | _aTextos por Angela Vettese, Marinella Venanzi, Carmen Julìa y Stephanie Rosenthal. | ||
| 500 | _aExhibición en Gallleria Bevilacqua La Masa, del 7 de abril al 5 de junio del 2006. | ||
| 653 | 1 | 0 | _aArte contemporáneo |
| 653 | 1 | 0 | _aArte - Exhibiciones |
| 653 | 1 | 0 | _aPintura |
| 653 | 1 | 0 | _aArte urbano |
| 653 | 1 | 0 | _aArtistas costarricenses |
| 653 | 1 | 0 | _aArte costarricense |
| 700 | 1 |
_aHess, Nic. _ecoautor. _95283 |
|
| 700 | 1 |
_aFerraris,marco. _ecurador. _95284 |
|
| 700 | 1 |
_aColetto, Stefano. _ecurador. _95285 |
|
| 700 | 1 |
_aVenanzi, Marinella. _ecuradora. _95286 |
|
| 700 | 1 |
_aVettese, Angela. _95287 |
|
| 700 | 1 |
_aJulia, Carmen. _95288 |
|
| 700 | 1 |
_aRosenthal, Stephanie. _95289 |
|
| 999 |
_c973 _d973 |
||